LIBRARY & INFORMATION CENTRE, KCAET, TAVANUR

ONLINE PUBLIC ACCESS CATALOGUE (OPAC)

Beaumont and fietcher, Vol 1 / (Record no. 4449)

MARC details
000 -LEADER
fixed length control field 00358cam a2200145ua 4500
041 ## - LANGUAGE CODE
Language code of text/sound track or separate title eng
082 ## - DEWEY DECIMAL CLASSIFICATION NUMBER
Classification number 822
Item number STR/BE
100 ## - MAIN ENTRY--AUTHOR NAME
Personal name Strachey, Leo .
245 ## - TITLE STATEMENT
Title Beaumont and fietcher, Vol 1 /
260 ## - PUBLICATION, DISTRIBUTION, ETC. (IMPRINT)
Place of publication London :
Name of publisher Ernest Benn Ltd ,
Year of publication 1949.
300 ## - PHYSICAL DESCRIPTION
Number of Pages 471 ; .
942 ## - ADDED ENTRY ELEMENTS (KOHA)
Koha item type Books
Holdings
Withdrawn status Lost status Damaged status Home library Current library Date acquired Cost, normal purchase price Full call number Accession Number Koha item type Public note
Withdrawn     KAUAET Sanskrit University 07/04/2012 12.60 822 7040 Books Transferred to Sanskrit University
free website counter